000
00280nam a22001337a 4500
008
180212b xxu||||| |||| 00| 0 eng d
020
_a
039103182
041
_a
eng
080
_a
32
100
_a
22
101
_a
pol
245
_a
india s demography
_c
tim.d
942
_2
udc
_c
BK
999
_c
42288
_d
42288